<?xml version="1.0" encoding="UTF-8"?>
<collection xmlns="http://www.loc.gov/MARC21/slim">
<record>
  <controlfield tag="001">56271</controlfield>
  <controlfield tag="005">20230504192515.0</controlfield>
  <datafield tag="024" ind1="7" ind2=" ">
    <subfield code="a">10.1103/PhysRevA.88.052703</subfield>
    <subfield code="2">doi</subfield>
  </datafield>
  <datafield tag="024" ind1="7" ind2=" ">
    <subfield code="a">0556-2791</subfield>
    <subfield code="2">ISSN</subfield>
  </datafield>
  <datafield tag="024" ind1="7" ind2=" ">
    <subfield code="a">1094-1622</subfield>
    <subfield code="2">ISSN</subfield>
  </datafield>
  <datafield tag="024" ind1="7" ind2=" ">
    <subfield code="a">1050-2947</subfield>
    <subfield code="2">ISSN</subfield>
  </datafield>
  <datafield tag="024" ind1="7" ind2=" ">
    <subfield code="a">WOS:000326815800006</subfield>
    <subfield code="2">WOS</subfield>
  </datafield>
  <datafield tag="037" ind1=" " ind2=" ">
    <subfield code="a">GSI-2013-05725</subfield>
  </datafield>
  <datafield tag="041" ind1=" " ind2=" ">
    <subfield code="a">English</subfield>
  </datafield>
  <datafield tag="082" ind1=" " ind2=" ">
    <subfield code="a">530</subfield>
  </datafield>
  <datafield tag="100" ind1="1" ind2=" ">
    <subfield code="a">Chen, W.</subfield>
    <subfield code="0">P:(DE-Ds200)OR3144</subfield>
    <subfield code="b">0</subfield>
    <subfield code="u">gsi</subfield>
    <subfield code="e">Corresponding author</subfield>
  </datafield>
  <datafield tag="245" ind1=" " ind2=" ">
    <subfield code="a">Charge transfer of slow highly charged xenon ions in collisions with magnesium atoms</subfield>
  </datafield>
  <datafield tag="260" ind1=" " ind2=" ">
    <subfield code="a">College Park, Md.</subfield>
    <subfield code="c">2013</subfield>
    <subfield code="b">APS</subfield>
  </datafield>
  <datafield tag="336" ind1="7" ind2=" ">
    <subfield code="a">Journal Article</subfield>
    <subfield code="b">journal</subfield>
    <subfield code="m">journal</subfield>
    <subfield code="0">PUB:(DE-HGF)16</subfield>
    <subfield code="s">1394804192_6402</subfield>
    <subfield code="2">PUB:(DE-HGF)</subfield>
  </datafield>
  <datafield tag="336" ind1="7" ind2=" ">
    <subfield code="a">article</subfield>
    <subfield code="2">DRIVER</subfield>
  </datafield>
  <datafield tag="336" ind1="7" ind2=" ">
    <subfield code="a">ARTICLE</subfield>
    <subfield code="2">BibTeX</subfield>
  </datafield>
  <datafield tag="336" ind1="7" ind2=" ">
    <subfield code="a">Journal Article</subfield>
    <subfield code="0">0</subfield>
    <subfield code="2">EndNote</subfield>
  </datafield>
  <datafield tag="536" ind1=" " ind2=" ">
    <subfield code="a">544 - In-house Research with PNI (POF2-544)</subfield>
    <subfield code="0">G:(DE-HGF)POF2-544</subfield>
    <subfield code="c">POF2-544</subfield>
    <subfield code="x">0</subfield>
    <subfield code="f">POF II</subfield>
  </datafield>
  <datafield tag="542" ind1=" " ind2=" ">
    <subfield code="i">2013-11-07</subfield>
    <subfield code="2">Crossref</subfield>
    <subfield code="u">http://link.aps.org/licenses/aps-default-license</subfield>
  </datafield>
  <datafield tag="588" ind1=" " ind2=" ">
    <subfield code="a">Dataset connected to CrossRef, repository.gsi.de</subfield>
  </datafield>
  <datafield tag="700" ind1="1" ind2=" ">
    <subfield code="a">Vorobyev, G.</subfield>
    <subfield code="0">P:(DE-Ds200)OR3305</subfield>
    <subfield code="b">1</subfield>
    <subfield code="u">gsi</subfield>
  </datafield>
  <datafield tag="700" ind1="1" ind2=" ">
    <subfield code="a">Guo, D.</subfield>
    <subfield code="0">P:(DE-HGF)0</subfield>
    <subfield code="b">2</subfield>
  </datafield>
  <datafield tag="700" ind1="1" ind2=" ">
    <subfield code="a">Hillenbrand, P.-M.</subfield>
    <subfield code="0">P:(DE-Ds200)OR3354</subfield>
    <subfield code="b">3</subfield>
    <subfield code="u">gsi</subfield>
  </datafield>
  <datafield tag="700" ind1="1" ind2=" ">
    <subfield code="a">Herfurth, F.</subfield>
    <subfield code="0">P:(DE-Ds200)OR0461</subfield>
    <subfield code="b">4</subfield>
    <subfield code="u">gsi</subfield>
  </datafield>
  <datafield tag="700" ind1="1" ind2=" ">
    <subfield code="a">Hagmann, S.</subfield>
    <subfield code="0">P:(DE-Ds200)OR0416</subfield>
    <subfield code="b">5</subfield>
    <subfield code="u">gsi</subfield>
  </datafield>
  <datafield tag="700" ind1="1" ind2=" ">
    <subfield code="a">Spillmann, U.</subfield>
    <subfield code="0">P:(DE-Ds200)OR1223</subfield>
    <subfield code="b">6</subfield>
    <subfield code="u">gsi</subfield>
  </datafield>
  <datafield tag="700" ind1="1" ind2=" ">
    <subfield code="a">Trotsenko, S.</subfield>
    <subfield code="0">P:(DE-Ds200)OR1305</subfield>
    <subfield code="b">7</subfield>
    <subfield code="u">gsi</subfield>
  </datafield>
  <datafield tag="700" ind1="1" ind2=" ">
    <subfield code="a">Gumberidze, A.</subfield>
    <subfield code="0">P:(DE-Ds200)OR0395</subfield>
    <subfield code="b">8</subfield>
    <subfield code="u">gsi</subfield>
  </datafield>
  <datafield tag="700" ind1="1" ind2=" ">
    <subfield code="a">Stöhlker, Th.</subfield>
    <subfield code="0">P:(DE-Ds200)OR1264</subfield>
    <subfield code="b">9</subfield>
    <subfield code="u">gsi</subfield>
  </datafield>
  <datafield tag="773" ind1="1" ind2="8">
    <subfield code="a">10.1103/physreva.88.052703</subfield>
    <subfield code="b">American Physical Society (APS)</subfield>
    <subfield code="d">2013-11-07</subfield>
    <subfield code="n">5</subfield>
    <subfield code="p">052703</subfield>
    <subfield code="3">journal-article</subfield>
    <subfield code="2">Crossref</subfield>
    <subfield code="t">Physical Review A</subfield>
    <subfield code="v">88</subfield>
    <subfield code="y">2013</subfield>
    <subfield code="x">1050-2947</subfield>
  </datafield>
  <datafield tag="773" ind1=" " ind2=" ">
    <subfield code="a">10.1103/PhysRevA.88.052703</subfield>
    <subfield code="g">Vol. 88, no. 5, p. 052703</subfield>
    <subfield code="p">052703</subfield>
    <subfield code="n">5</subfield>
    <subfield code="0">PERI:(DE-600)2844156-4</subfield>
    <subfield code="t">Physical review / A</subfield>
    <subfield code="v">88</subfield>
    <subfield code="y">2013</subfield>
    <subfield code="x">1050-2947</subfield>
  </datafield>
  <datafield tag="909" ind1="C" ind2="O">
    <subfield code="o">oai:repository.gsi.de:56271</subfield>
    <subfield code="p">VDB</subfield>
  </datafield>
  <datafield tag="910" ind1="1" ind2=" ">
    <subfield code="a">GSI Helmholtzzentrum für Schwerionenforschung GmbH</subfield>
    <subfield code="0">I:(DE-Ds200)20121206GSI</subfield>
    <subfield code="k">GSI</subfield>
    <subfield code="b">0</subfield>
    <subfield code="6">P:(DE-Ds200)OR3144</subfield>
  </datafield>
  <datafield tag="910" ind1="1" ind2=" ">
    <subfield code="a">GSI Helmholtzzentrum für Schwerionenforschung GmbH</subfield>
    <subfield code="0">I:(DE-Ds200)20121206GSI</subfield>
    <subfield code="k">GSI</subfield>
    <subfield code="b">1</subfield>
    <subfield code="6">P:(DE-Ds200)OR3305</subfield>
  </datafield>
  <datafield tag="910" ind1="1" ind2=" ">
    <subfield code="a">GSI Helmholtzzentrum für Schwerionenforschung GmbH</subfield>
    <subfield code="0">I:(DE-Ds200)20121206GSI</subfield>
    <subfield code="k">GSI</subfield>
    <subfield code="b">3</subfield>
    <subfield code="6">P:(DE-Ds200)OR3354</subfield>
  </datafield>
  <datafield tag="910" ind1="1" ind2=" ">
    <subfield code="a">GSI Helmholtzzentrum für Schwerionenforschung GmbH</subfield>
    <subfield code="0">I:(DE-Ds200)20121206GSI</subfield>
    <subfield code="k">GSI</subfield>
    <subfield code="b">4</subfield>
    <subfield code="6">P:(DE-Ds200)OR0461</subfield>
  </datafield>
  <datafield tag="910" ind1="1" ind2=" ">
    <subfield code="a">GSI Helmholtzzentrum für Schwerionenforschung GmbH</subfield>
    <subfield code="0">I:(DE-Ds200)20121206GSI</subfield>
    <subfield code="k">GSI</subfield>
    <subfield code="b">5</subfield>
    <subfield code="6">P:(DE-Ds200)OR0416</subfield>
  </datafield>
  <datafield tag="910" ind1="1" ind2=" ">
    <subfield code="a">GSI Helmholtzzentrum für Schwerionenforschung GmbH</subfield>
    <subfield code="0">I:(DE-Ds200)20121206GSI</subfield>
    <subfield code="k">GSI</subfield>
    <subfield code="b">6</subfield>
    <subfield code="6">P:(DE-Ds200)OR1223</subfield>
  </datafield>
  <datafield tag="910" ind1="1" ind2=" ">
    <subfield code="a">GSI Helmholtzzentrum für Schwerionenforschung GmbH</subfield>
    <subfield code="0">I:(DE-Ds200)20121206GSI</subfield>
    <subfield code="k">GSI</subfield>
    <subfield code="b">7</subfield>
    <subfield code="6">P:(DE-Ds200)OR1305</subfield>
  </datafield>
  <datafield tag="910" ind1="1" ind2=" ">
    <subfield code="a">GSI Helmholtzzentrum für Schwerionenforschung GmbH</subfield>
    <subfield code="0">I:(DE-Ds200)20121206GSI</subfield>
    <subfield code="k">GSI</subfield>
    <subfield code="b">8</subfield>
    <subfield code="6">P:(DE-Ds200)OR0395</subfield>
  </datafield>
  <datafield tag="910" ind1="1" ind2=" ">
    <subfield code="a">GSI Helmholtzzentrum für Schwerionenforschung GmbH</subfield>
    <subfield code="0">I:(DE-Ds200)20121206GSI</subfield>
    <subfield code="k">GSI</subfield>
    <subfield code="b">9</subfield>
    <subfield code="6">P:(DE-Ds200)OR1264</subfield>
  </datafield>
  <datafield tag="913" ind1="1" ind2=" ">
    <subfield code="a">DE-HGF</subfield>
    <subfield code="b">Struktur der Materie</subfield>
    <subfield code="1">G:(DE-HGF)POF2-540</subfield>
    <subfield code="0">G:(DE-HGF)POF2-544</subfield>
    <subfield code="2">G:(DE-HGF)POF2-500</subfield>
    <subfield code="v">In-house Research with PNI</subfield>
    <subfield code="x">0</subfield>
    <subfield code="4">G:(DE-HGF)POF</subfield>
    <subfield code="3">G:(DE-HGF)POF2</subfield>
    <subfield code="l">Forschung mit Photonen, Neutronen, Ionen</subfield>
  </datafield>
  <datafield tag="914" ind1="1" ind2=" ">
    <subfield code="y">2013</subfield>
  </datafield>
  <datafield tag="915" ind1=" " ind2=" ">
    <subfield code="a">JCR/ISI refereed</subfield>
    <subfield code="0">StatID:(DE-HGF)0010</subfield>
    <subfield code="2">StatID</subfield>
  </datafield>
  <datafield tag="915" ind1=" " ind2=" ">
    <subfield code="a">JCR</subfield>
    <subfield code="0">StatID:(DE-HGF)0100</subfield>
    <subfield code="2">StatID</subfield>
  </datafield>
  <datafield tag="915" ind1=" " ind2=" ">
    <subfield code="a">WoS</subfield>
    <subfield code="0">StatID:(DE-HGF)0110</subfield>
    <subfield code="2">StatID</subfield>
    <subfield code="b">Science Citation Index</subfield>
  </datafield>
  <datafield tag="915" ind1=" " ind2=" ">
    <subfield code="a">WoS</subfield>
    <subfield code="0">StatID:(DE-HGF)0111</subfield>
    <subfield code="2">StatID</subfield>
    <subfield code="b">Science Citation Index Expanded</subfield>
  </datafield>
  <datafield tag="915" ind1=" " ind2=" ">
    <subfield code="a">DBCoverage</subfield>
    <subfield code="0">StatID:(DE-HGF)0150</subfield>
    <subfield code="2">StatID</subfield>
    <subfield code="b">Web of Science Core Collection</subfield>
  </datafield>
  <datafield tag="915" ind1=" " ind2=" ">
    <subfield code="a">DBCoverage</subfield>
    <subfield code="0">StatID:(DE-HGF)0199</subfield>
    <subfield code="2">StatID</subfield>
    <subfield code="b">Thomson Reuters Master Journal List</subfield>
  </datafield>
  <datafield tag="915" ind1=" " ind2=" ">
    <subfield code="a">DBCoverage</subfield>
    <subfield code="0">StatID:(DE-HGF)0200</subfield>
    <subfield code="2">StatID</subfield>
    <subfield code="b">SCOPUS</subfield>
  </datafield>
  <datafield tag="915" ind1=" " ind2=" ">
    <subfield code="a">DBCoverage</subfield>
    <subfield code="0">StatID:(DE-HGF)0300</subfield>
    <subfield code="2">StatID</subfield>
    <subfield code="b">Medline</subfield>
  </datafield>
  <datafield tag="915" ind1=" " ind2=" ">
    <subfield code="a">Nationallizenz</subfield>
    <subfield code="0">StatID:(DE-HGF)0420</subfield>
    <subfield code="2">StatID</subfield>
  </datafield>
  <datafield tag="915" ind1=" " ind2=" ">
    <subfield code="a">DBCoverage</subfield>
    <subfield code="0">StatID:(DE-HGF)1040</subfield>
    <subfield code="2">StatID</subfield>
    <subfield code="b">Zoological Record</subfield>
  </datafield>
  <datafield tag="920" ind1=" " ind2=" ">
    <subfield code="l">yes</subfield>
  </datafield>
  <datafield tag="920" ind1="1" ind2=" ">
    <subfield code="0">I:(DE-Ds200)ATP-20051214OR020</subfield>
    <subfield code="k">ATP</subfield>
    <subfield code="l">Atomphysik</subfield>
    <subfield code="x">0</subfield>
  </datafield>
  <datafield tag="980" ind1=" " ind2=" ">
    <subfield code="a">journal</subfield>
  </datafield>
  <datafield tag="980" ind1=" " ind2=" ">
    <subfield code="a">VDB</subfield>
  </datafield>
  <datafield tag="980" ind1=" " ind2=" ">
    <subfield code="a">I:(DE-Ds200)20110830OR020</subfield>
  </datafield>
  <datafield tag="980" ind1=" " ind2=" ">
    <subfield code="a">I:(DE-Ds200)ATP-20051214OR020</subfield>
  </datafield>
  <datafield tag="980" ind1=" " ind2=" ">
    <subfield code="a">UNRESTRICTED</subfield>
  </datafield>
  <datafield tag="999" ind1="C" ind2="5">
    <subfield code="a">10.1016/0370-1573(78)90053-4</subfield>
    <subfield code="9">-- missing cx lookup --</subfield>
    <subfield code="2">Crossref</subfield>
  </datafield>
  <datafield tag="999" ind1="C" ind2="5">
    <subfield code="a">10.1088/0022-3700/19/18/021</subfield>
    <subfield code="9">-- missing cx lookup --</subfield>
    <subfield code="2">Crossref</subfield>
  </datafield>
  <datafield tag="999" ind1="C" ind2="5">
    <subfield code="a">10.1103/PhysRevA.21.745</subfield>
    <subfield code="9">-- missing cx lookup --</subfield>
    <subfield code="2">Crossref</subfield>
  </datafield>
  <datafield tag="999" ind1="C" ind2="5">
    <subfield code="a">10.1088/0953-4075/33/11/304</subfield>
    <subfield code="9">-- missing cx lookup --</subfield>
    <subfield code="2">Crossref</subfield>
  </datafield>
  <datafield tag="999" ind1="C" ind2="5">
    <subfield code="a">10.1103/PhysRevLett.88.153001</subfield>
    <subfield code="9">-- missing cx lookup --</subfield>
    <subfield code="2">Crossref</subfield>
  </datafield>
  <datafield tag="999" ind1="C" ind2="5">
    <subfield code="a">10.1103/PhysRevA.73.022723</subfield>
    <subfield code="9">-- missing cx lookup --</subfield>
    <subfield code="2">Crossref</subfield>
  </datafield>
  <datafield tag="999" ind1="C" ind2="5">
    <subfield code="a">10.1007/s11214-010-9720-5</subfield>
    <subfield code="9">-- missing cx lookup --</subfield>
    <subfield code="2">Crossref</subfield>
  </datafield>
  <datafield tag="999" ind1="C" ind2="5">
    <subfield code="y">2008</subfield>
    <subfield code="2">Crossref</subfield>
    <subfield code="t">Atomic and Plasma-Material Interaction Data for Fusion</subfield>
    <subfield code="o">Atomic and Plasma-Material Interaction Data for Fusion 2008</subfield>
  </datafield>
  <datafield tag="999" ind1="C" ind2="5">
    <subfield code="a">10.1023/A:1012663614454</subfield>
    <subfield code="9">-- missing cx lookup --</subfield>
    <subfield code="2">Crossref</subfield>
  </datafield>
  <datafield tag="999" ind1="C" ind2="5">
    <subfield code="a">10.1103/PhysRevA.58.2043</subfield>
    <subfield code="9">-- missing cx lookup --</subfield>
    <subfield code="2">Crossref</subfield>
  </datafield>
  <datafield tag="999" ind1="C" ind2="5">
    <subfield code="a">10.1016/j.nimb.2011.03.024</subfield>
    <subfield code="9">-- missing cx lookup --</subfield>
    <subfield code="2">Crossref</subfield>
  </datafield>
  <datafield tag="999" ind1="C" ind2="5">
    <subfield code="a">10.1016/0168-583X(85)90332-5</subfield>
    <subfield code="9">-- missing cx lookup --</subfield>
    <subfield code="2">Crossref</subfield>
  </datafield>
  <datafield tag="999" ind1="C" ind2="5">
    <subfield code="a">10.1088/0953-4075/28/14/016</subfield>
    <subfield code="9">-- missing cx lookup --</subfield>
    <subfield code="2">Crossref</subfield>
  </datafield>
  <datafield tag="999" ind1="C" ind2="5">
    <subfield code="a">10.1103/PhysRevA.56.4623</subfield>
    <subfield code="9">-- missing cx lookup --</subfield>
    <subfield code="2">Crossref</subfield>
  </datafield>
  <datafield tag="999" ind1="C" ind2="5">
    <subfield code="a">10.1103/PhysRevA.76.022710</subfield>
    <subfield code="9">-- missing cx lookup --</subfield>
    <subfield code="2">Crossref</subfield>
  </datafield>
  <datafield tag="999" ind1="C" ind2="5">
    <subfield code="a">10.1088/0022-3700/20/8/003</subfield>
    <subfield code="9">-- missing cx lookup --</subfield>
    <subfield code="2">Crossref</subfield>
  </datafield>
  <datafield tag="999" ind1="C" ind2="5">
    <subfield code="a">10.1103/PhysRevA.41.3559</subfield>
    <subfield code="9">-- missing cx lookup --</subfield>
    <subfield code="2">Crossref</subfield>
  </datafield>
  <datafield tag="999" ind1="C" ind2="5">
    <subfield code="a">10.1103/PhysRevA.16.531</subfield>
    <subfield code="9">-- missing cx lookup --</subfield>
    <subfield code="2">Crossref</subfield>
  </datafield>
  <datafield tag="999" ind1="C" ind2="5">
    <subfield code="a">10.1103/PhysRevA.82.042701</subfield>
    <subfield code="9">-- missing cx lookup --</subfield>
    <subfield code="2">Crossref</subfield>
  </datafield>
  <datafield tag="999" ind1="C" ind2="5">
    <subfield code="a">10.1103/PhysRevA.85.032712</subfield>
    <subfield code="9">-- missing cx lookup --</subfield>
    <subfield code="2">Crossref</subfield>
  </datafield>
  <datafield tag="999" ind1="C" ind2="5">
    <subfield code="a">10.1103/PhysRevA.36.2603</subfield>
    <subfield code="9">-- missing cx lookup --</subfield>
    <subfield code="2">Crossref</subfield>
  </datafield>
  <datafield tag="999" ind1="C" ind2="5">
    <subfield code="a">10.1103/PhysRevLett.36.858</subfield>
    <subfield code="9">-- missing cx lookup --</subfield>
    <subfield code="2">Crossref</subfield>
  </datafield>
  <datafield tag="999" ind1="C" ind2="5">
    <subfield code="a">10.1103/PhysRevA.29.1088</subfield>
    <subfield code="9">-- missing cx lookup --</subfield>
    <subfield code="2">Crossref</subfield>
  </datafield>
  <datafield tag="999" ind1="C" ind2="5">
    <subfield code="a">10.1088/0953-4075/21/8/003</subfield>
    <subfield code="9">-- missing cx lookup --</subfield>
    <subfield code="2">Crossref</subfield>
  </datafield>
  <datafield tag="999" ind1="C" ind2="5">
    <subfield code="a">10.1088/0031-8949/45/3/005</subfield>
    <subfield code="9">-- missing cx lookup --</subfield>
    <subfield code="2">Crossref</subfield>
  </datafield>
  <datafield tag="999" ind1="C" ind2="5">
    <subfield code="a">10.1088/0022-3700/16/11/019</subfield>
    <subfield code="9">-- missing cx lookup --</subfield>
    <subfield code="2">Crossref</subfield>
  </datafield>
  <datafield tag="999" ind1="C" ind2="5">
    <subfield code="a">10.1103/PhysRevA.46.2592</subfield>
    <subfield code="9">-- missing cx lookup --</subfield>
    <subfield code="2">Crossref</subfield>
  </datafield>
  <datafield tag="999" ind1="C" ind2="5">
    <subfield code="a">10.1103/PhysRevA.50.502</subfield>
    <subfield code="9">-- missing cx lookup --</subfield>
    <subfield code="2">Crossref</subfield>
  </datafield>
  <datafield tag="999" ind1="C" ind2="5">
    <subfield code="a">10.1103/PhysRevA.34.2897</subfield>
    <subfield code="9">-- missing cx lookup --</subfield>
    <subfield code="2">Crossref</subfield>
  </datafield>
  <datafield tag="999" ind1="C" ind2="5">
    <subfield code="a">10.1103/PhysRevA.50.3117</subfield>
    <subfield code="9">-- missing cx lookup --</subfield>
    <subfield code="2">Crossref</subfield>
  </datafield>
  <datafield tag="999" ind1="C" ind2="5">
    <subfield code="a">10.1103/PhysRevA.57.3546</subfield>
    <subfield code="9">-- missing cx lookup --</subfield>
    <subfield code="2">Crossref</subfield>
  </datafield>
  <datafield tag="999" ind1="C" ind2="5">
    <subfield code="a">10.1103/PhysRevA.60.4616</subfield>
    <subfield code="9">-- missing cx lookup --</subfield>
    <subfield code="2">Crossref</subfield>
  </datafield>
  <datafield tag="999" ind1="C" ind2="5">
    <subfield code="a">10.1103/PhysRevLett.62.2112</subfield>
    <subfield code="9">-- missing cx lookup --</subfield>
    <subfield code="2">Crossref</subfield>
  </datafield>
  <datafield tag="999" ind1="C" ind2="5">
    <subfield code="a">10.1088/0031-8949/1997/T73/046</subfield>
    <subfield code="9">-- missing cx lookup --</subfield>
    <subfield code="2">Crossref</subfield>
  </datafield>
  <datafield tag="999" ind1="C" ind2="5">
    <subfield code="a">10.1103/PhysRevA.72.032725</subfield>
    <subfield code="9">-- missing cx lookup --</subfield>
    <subfield code="2">Crossref</subfield>
  </datafield>
  <datafield tag="999" ind1="C" ind2="5">
    <subfield code="a">10.1088/0022-3700/15/6/006</subfield>
    <subfield code="9">-- missing cx lookup --</subfield>
    <subfield code="2">Crossref</subfield>
  </datafield>
  <datafield tag="999" ind1="C" ind2="5">
    <subfield code="a">10.1103/PhysRevA.34.2738</subfield>
    <subfield code="9">-- missing cx lookup --</subfield>
    <subfield code="2">Crossref</subfield>
  </datafield>
  <datafield tag="999" ind1="C" ind2="5">
    <subfield code="a">10.1103/PhysRevA.47.R4551</subfield>
    <subfield code="9">-- missing cx lookup --</subfield>
    <subfield code="2">Crossref</subfield>
  </datafield>
  <datafield tag="999" ind1="C" ind2="5">
    <subfield code="a">10.1103/PhysRevA.54.4127</subfield>
    <subfield code="9">-- missing cx lookup --</subfield>
    <subfield code="2">Crossref</subfield>
  </datafield>
  <datafield tag="999" ind1="C" ind2="5">
    <subfield code="a">10.1088/0953-4075/37/16/002</subfield>
    <subfield code="9">-- missing cx lookup --</subfield>
    <subfield code="2">Crossref</subfield>
  </datafield>
  <datafield tag="999" ind1="C" ind2="5">
    <subfield code="a">10.1016/0168-583X(87)90095-4</subfield>
    <subfield code="9">-- missing cx lookup --</subfield>
    <subfield code="2">Crossref</subfield>
  </datafield>
  <datafield tag="999" ind1="C" ind2="5">
    <subfield code="a">10.1103/PhysRevA.57.4379</subfield>
    <subfield code="9">-- missing cx lookup --</subfield>
    <subfield code="2">Crossref</subfield>
  </datafield>
  <datafield tag="999" ind1="C" ind2="5">
    <subfield code="a">10.1103/PhysRevA.75.012716</subfield>
    <subfield code="9">-- missing cx lookup --</subfield>
    <subfield code="2">Crossref</subfield>
  </datafield>
  <datafield tag="999" ind1="C" ind2="5">
    <subfield code="a">10.1088/1748-0221/5/11/C11001</subfield>
    <subfield code="9">-- missing cx lookup --</subfield>
    <subfield code="2">Crossref</subfield>
  </datafield>
  <datafield tag="999" ind1="C" ind2="5">
    <subfield code="a">10.1016/0040-6031(92)80118-G</subfield>
    <subfield code="9">-- missing cx lookup --</subfield>
    <subfield code="2">Crossref</subfield>
  </datafield>
  <datafield tag="999" ind1="C" ind2="5">
    <subfield code="a">10.1134/S0020441209020225</subfield>
    <subfield code="9">-- missing cx lookup --</subfield>
    <subfield code="2">Crossref</subfield>
  </datafield>
  <datafield tag="999" ind1="C" ind2="5">
    <subfield code="a">10.1063/1.1137365</subfield>
    <subfield code="9">-- missing cx lookup --</subfield>
    <subfield code="2">Crossref</subfield>
  </datafield>
  <datafield tag="999" ind1="C" ind2="5">
    <subfield code="a">10.1063/1.1137671</subfield>
    <subfield code="9">-- missing cx lookup --</subfield>
    <subfield code="2">Crossref</subfield>
  </datafield>
  <datafield tag="999" ind1="C" ind2="5">
    <subfield code="a">10.1088/0957-0233/8/4/001</subfield>
    <subfield code="9">-- missing cx lookup --</subfield>
    <subfield code="2">Crossref</subfield>
  </datafield>
  <datafield tag="999" ind1="C" ind2="5">
    <subfield code="a">10.1016/S0168-583X(01)00724-8</subfield>
    <subfield code="9">-- missing cx lookup --</subfield>
    <subfield code="2">Crossref</subfield>
  </datafield>
  <datafield tag="999" ind1="C" ind2="5">
    <subfield code="a">10.1016/j.nima.2005.06.069</subfield>
    <subfield code="9">-- missing cx lookup --</subfield>
    <subfield code="2">Crossref</subfield>
  </datafield>
  <datafield tag="999" ind1="C" ind2="5">
    <subfield code="a">10.1088/0031-8949/2011/T144/014057</subfield>
    <subfield code="9">-- missing cx lookup --</subfield>
    <subfield code="2">Crossref</subfield>
  </datafield>
  <datafield tag="999" ind1="C" ind2="5">
    <subfield code="a">10.1088/0953-4075/25/1/004</subfield>
    <subfield code="9">-- missing cx lookup --</subfield>
    <subfield code="2">Crossref</subfield>
  </datafield>
  <datafield tag="999" ind1="C" ind2="5">
    <subfield code="a">10.1016/0370-1573(81)90161-7</subfield>
    <subfield code="9">-- missing cx lookup --</subfield>
    <subfield code="2">Crossref</subfield>
  </datafield>
  <datafield tag="999" ind1="C" ind2="5">
    <subfield code="a">10.1103/PhysRevA.56.4692</subfield>
    <subfield code="9">-- missing cx lookup --</subfield>
    <subfield code="2">Crossref</subfield>
  </datafield>
  <datafield tag="999" ind1="C" ind2="5">
    <subfield code="a">10.1103/PhysRevA.58.2935</subfield>
    <subfield code="9">-- missing cx lookup --</subfield>
    <subfield code="2">Crossref</subfield>
  </datafield>
  <datafield tag="999" ind1="C" ind2="5">
    <subfield code="a">10.1088/0953-4075/26/7/005</subfield>
    <subfield code="9">-- missing cx lookup --</subfield>
    <subfield code="2">Crossref</subfield>
  </datafield>
  <datafield tag="999" ind1="C" ind2="5">
    <subfield code="a">10.1103/PhysRevA.51.2191</subfield>
    <subfield code="9">-- missing cx lookup --</subfield>
    <subfield code="2">Crossref</subfield>
  </datafield>
  <datafield tag="999" ind1="C" ind2="5">
    <subfield code="a">10.1088/0031-8949/42/2/006</subfield>
    <subfield code="9">-- missing cx lookup --</subfield>
    <subfield code="2">Crossref</subfield>
  </datafield>
  <datafield tag="999" ind1="C" ind2="5">
    <subfield code="a">10.1088/1742-6596/58/1/041</subfield>
    <subfield code="9">-- missing cx lookup --</subfield>
    <subfield code="2">Crossref</subfield>
  </datafield>
</record>
</collection>